000 00812nam a22001937a 4500
999 _c164922
_d164922
005 20210412144424.0
010 _aUR-10162
020 _c300.00
_a9789387539075
035 _aU-8717
037 _bDBAD/PUB
082 _a844.08
100 _aمير تر ا ب علی يد ا لہی نو ا ب
245 _aصا د قہ نو ا ب سحر:شخصيت ا و ر فن--فکشن کے تنا ظر ميں
_cمير تر ا ب علی يد ا لہی نو ا ب
246 _b‏Qazi Mushtaque Ahmed ke Afsanon ka Tanqidi Wa Tajziati Mutalea(Urdu)
_aby M.A.Qadeer
260 _a Delhi
_bEducational Publishing House
_c2017 ء
270 _a3191،Vakil Street,Kucha Pandit,Lal Kuan,
_bDelhi
_e110006
_k23216162
_l00911123211540
300 _a799ص
_c22 Cm(B.b)
942 _2ddc
_cUR
_h844.08
_mس ح ر